Welcome to the Holygrace Academy Library

Please use search bar below to get started

IF IT'S NOT FOREVER IT'S NOT LOVE (Record no. 3166)

MARC details
000 -LEADER
fixed length control field 00651nam a22001457a 4500
020 ## - INTERNATIONAL STANDARD BOOK NUMBER
ISBN 978-0-143-42156-6
082 ## - DEWEY DECIMAL CLASSIFICATION NUMBER
Classification number 823
Item number DAT/I
100 ## - MAIN ENTRY--AUTHOR NAME
Personal name DATTA,DURJOY
245 ## - TITLE STATEMENT
Title IF IT'S NOT FOREVER IT'S NOT LOVE
260 ## - PUBLICATION, DISTRIBUTION, ETC. (IMPRINT)
Place of publication HARYANA
Name of publisher PENGUIN RANDOM HOUSE
300 ## - PHYSICAL DESCRIPTION
Number of Pages 234
520 ## - SUMMARY, ETC.
Summary, etc When Deb, an author and publisher, survives the bomb blasts at Chandni Chowk, he knows his life is nothing short of a miracle. And though he escapes with minor injuries, he is haunted by the images and voices that he heard on that unfortunate day. Even as he recovers, his feet take him to where the blasts took place.
650 ## - SUBJECT ADDED ENTRY--TOPICAL TERM
Topical Term ENGLISH NOVEL
Geographic subdivision INDIA
942 ## - ADDED ENTRY ELEMENTS (KOHA)
Koha item type Books
Holdings
Withdrawn status Lost status Collection code Home library Current library Shelving location Date acquired Source of acquisition Cost, normal purchase price Full call number Accession Number Koha item type
    Fiction Main Library Main Library SHELF-2-I ENGLIAH NOVEL TEACHERS 07/11/2016 PURCHASE 175.00 823 DAT/I 09845 Books